Statistics for Arctic Monkeys Lyrics - Pretty Visitors

Click here to take the quiz!

General Stats

  • This quiz has been taken 52 times
  • The average score is 242 of 313

Answer Stats

Lyrics% Correct
the
100%
The
100%
a
98%
and
98%
And
98%
all
95%
All
95%
arm
95%
came
95%
on
95%
arms
93%
I
93%
of
93%
pretty
93%
shadow
93%
their
93%
visitors
93%
wall
93%
pit
90%
snake
90%
chicken
88%
d***head?
88%
or
88%
waved
88%
you
88%
cast
85%
first,
85%
What
85%
your
83%
Your
83%
to
80%
tramp
78%
trampoline
78%
his
76%
under
76%
with
76%
alarm
73%
in
73%
In
73%
go
71%
is
71%
past
71%
through
71%
caught
68%
19
66%
Behold
66%
crook
66%
legs
66%
mind,
66%
morning
66%
snake
66%
so
66%
So
66%
turned
66%
fitting
63%
gets
63%
ill
63%
running
63%
slip
63%
'til
63%
wheels
63%
whiskers,
63%
as
61%
balancing
61%
barking
61%
he
61%
move
61%
start
61%
twilight
61%
walk
61%
away,
59%
hammock
59%
say
59%
struggle
59%
thoughts
59%
Trudging
59%
act
56%
Canopy
56%
corner
56%
For
56%
muddy
56%
'round
56%
Shifts
56%
bicycle
54%
charm
54%
dry
54%
feet
54%
goes
54%
have
54%
plays
54%
time
54%
am
51%
fiddles
51%
from
51%
Split
51%
unhappy
51%
waits
51%
placed
49%
gasp
46%
perfectly
46%
reasonably
46%
sits
46%
blatantly
44%
f***ing
44%
scales
44%
sleep
44%
stark
44%
tale
44%
Trailing
44%
Unwilling
44%
wind
44%
You'll
44%
But
41%
coiled
41%
fall
41%
forced
41%
head
41%
her
41%
reaps
41%
rewards
41%
She
41%
wrapped
41%
aftertaste
39%
bound
39%
Gagged,
39%
gagged,
39%
muck
39%
uncooperative
39%
base
37%
crafting
37%
Cruelly
37%
frightening
37%
caked
34%
was
32%
springs
24%

Score Distribution

Percentile by Number Answered

Percent of People with Each Score

Your Score History

You have not taken this quiz